Дело о контракте на содержание экипажей для развозки артистов, заключенном со статским советником Бороздиным

Доступно только в Электронных читальных залах Найти на картеНа карте
RUSMARC
00004185nmc2a22000003x 450
00172584c94-2eee-4f77-87fc-e92224a84d26
00520181009105658.0
100##$a20161219l18201821k l0rusy0189 ca
1010#$arus
102##$aRU
2001#$aДело о контракте на содержание экипажей для развозки артистов, заключенном со статским советником Бороздиным
$j1 марта 1820 г. - 7 января 1821 г.
251##$cДело
300##$aДело
300##$aОриг. заголовок дела: Дело по объявлению статского советника Бороздина, касательно о сроке контракта, заключаемого на содержание экипажей для развоза театральных артистов. 1 марта 1820 г. - 7 января 1821 г
801#0$aRU
$bРГИА
$c20161219
$gRCR
801#1$aRU
$bГлавНИВЦ
$c20161219
$2rusmarc
801#2$aRU
$bПБ им. Б.Н. Ельцина
$c20181009
$gRCR
$2rusmarc
850##$aРГИА
852##$aРГИА
$eФедеральное казенное учреждение "Российский государственный исторический архив" (РГИА)
$j2043
937##$hРГИА
$d12234962
$aASBIBLIO_SCAN
462#0$1001dd3991dc-24e1-42ec-8838-ca4255420416
$12001
$a1746-1850 гг.
$1251
$cОпись
$1852
$j1
461#0$10019264ebf8-de62-4f1a-9eb4-9f22098dbbd5
$12001
$aДирекция императорских театров МИДв
$1251
$cФонд
$1852
$j497
215##$a12 л.
$d36,5х26 см
371##$aДокумент не является опубликованным и широко распространяемым
105##$ay###
1222#$ad
5151#$aДело по объявлению статского советника Бороздина, касательно о сроке контракта, заключаемого на содержание экипажей для развоза театральных артистов. 1 марта 1820 г. - 7 января 1821 г
035##$a72584c94-2eee-4f77-87fc-e92224a84d26
856##$uhttp://readingroom.main.prlib.ru/item.aspx?id_node=n119050780&mode=full
Формат отображения